Online Catalogue and eLibrary

Enathu illakiyath thedal (Record no. 4140)

MARC details
000 -LEADER
fixed length control field 00409nam a2200145Ia 4500
005 - DATE AND TIME OF LATEST TRANSACTION
control field 20250405143611.0
008 - FIXED-LENGTH DATA ELEMENTS--GENERAL INFORMATION
fixed length control field 240331s9999 xx 000 0 und d
082 ## - DDC Classification
Item Number - Author Mark SAM
Class No. 894
100 ## - MAIN ENTRY--PERSONAL NAME
Personal name Sameem, M
245 #0 - TITLE STATEMENT
Title Enathu illakiyath thedal
260 ## - PUBLICATION, DISTRIBUTION, ETC.
Place of publication, distribution, etc. Colombo
Name of publisher, distributor, etc. Ilankai mootpoku kalai ilakkiyapperavi
Date of publication, distribution, etc. 2006
300 ## - PHYSICAL DESCRIPTION
Extent (e.g. Volumes, Pages etc.) Xv, 136 p .,
500 ## - GENERAL NOTE
General note Tamil Ilakkiya sinthanai marabum kailasababathum
942 ## - Koha item type (Biblio)
Koha item type Books in Stacks (Lending)
Holdings
Lost status Damaged status Collection code Home library Current library Shelving location Date acquired Full call number Accession Number Item type
    Lending WERC Library WERC Library Social Science Cupboard 03/31/2024 894.811 SAM 5513 Books in Stacks (Lending)

© WERC Library